000 003990000a22001570004500
020 _a84-7530-390-0
041 0 _aSPA
082 0 4 _aG 839.8236 U564s
100 1 _aUndset, Sigrid
245 1 0 _aSanta Catalina de Siena / Sigrid Undset ; Javier Armada, Traductor
260 _aMadrid : Orbis
300 _a251 Pag
500 _aTítulo original : Catherina av Siena
001 13317
942 _cBK
999 _c42298
_d42298